000 00555nam a2200217Ia 4500
001 1358
003 GE_BSU
008 181216s||||||||xx |||||||||||||| ||und||
040 _cGE_BSU
080 _a392
100 _aЧистов,К.В.
245 _aНародные традиции и фольклор
245 _bОчерки теории
260 _aЛенинград
260 _bНаука
260 _c1986
300 _a304стр.
541 _h7л.
653 _aНародные традиции и фольклор
942 _cBK
999 _c35498
_d35498